000 00339nam a2200145 i 4500
001 bg
245 0 _aBildwörterbuch Deutsch und Polnisch.
250 _a3 neubearb. u. erw. Auflage.
260 _aLeipzig,
_c1967.
040 _cBPK
041 _apol
080 _a803.0:804.0
942 _cKS
008 s pl f |000 0 pol
999 _c9031
_d9031
856 _uhttp://koha.tu.koszalin.pl/cgi-bin/koha/opac-detail.pl?biblionumber=9031
_yKatalog online BPK